000 00529nam a22002057a 4500
003 CO-ViMGA
005 20230915225021.0
008 150713b xxu||||| |||| 00| 0 eng d
020 _a9789583039553
040 _aCO-ViMGA
_bspa
_cCO-ViMGA
090 _bC AND6
100 1 _4ANDRIACAIN SERGIO
245 1 0 _aEL PEQUEÑO GRAN PESCADOR
250 _aLEER ES MI CUENTO
260 _aBOGOTA
_bPANAMERICANA
_c2014
300 _a(43) PAGINAS
651 _2CUENTO INFANTIL
700 1 _4RODRIGUEZ ORLANDO ANTONIO
942 _2ddc
_cBK
999 _c4115
_d4115